|
|
|
|
| LEADER |
00000nam a2200000 a 4500 |
| 001 |
vtls011495591 |
| 003 |
SK-MaSNL |
| 005 |
20260301220104.0 |
| 008 |
240318s2015 xo a f n 001 0 slo |
| 015 |
|
|
|a SNBA2016/03
|
| 020 |
|
|
|a 9788055808604
|q (brož.)
|
| 035 |
|
|
|a urn:nbn:sk:snk-am00asjs
|
| 035 |
|
|
|a urn:nbn:sk:snk-am3h95w
|
| 035 |
|
|
|a 963A1C25-5F6E-45A9-B47E-3ED064296DA2
|
| 040 |
|
|
|a SNK
|b slo
|c SNK
|e AACR2
|
| 041 |
0 |
|
|a slo
|b eng
|
| 044 |
|
|
|a xo
|c SK
|
| 072 |
|
7 |
|a 82.0
|x Literatúra (teória)
|2 konspekt
|
| 080 |
|
|
|a 82.0
|2 2001
|
| 080 |
|
|
|a (048.8)
|2 2011
|
| 100 |
1 |
|
|a Žilka, Tibor,
|d 1939-
|4 aut
|9 100527
|
| 245 |
1 |
0 |
|a Od intertextuality k intermedialite
|c Tibor Žilka
|
| 250 |
|
|
|a 1. vyd.
|
| 260 |
|
|
|a Nitra
|b Univerzita Konštantína Filozofa v Nitre, Fakulta stredoeurópskych štúdií
|c 2015
|
| 300 |
|
|
|a 144 s.
|b ilustr.
|c 21 cm
|
| 366 |
|
|
|e 150 výt.
|
| 490 |
1 |
|
|a Europica varietas
|v č. 61
|
| 504 |
|
|
|a Bibliogr.: s. 125-134 ; slovník ; register
|
| 546 |
|
|
|a Resumé v angličtine
|
| 650 |
0 |
7 |
|a intertextualita
|2 SNKPH
|9 71406
|
| 650 |
0 |
7 |
|a Intertextuality
|2 SNKPHeng
|9 277996
|
| 650 |
0 |
7 |
|a literárna veda
|2 SNKPH
|9 1137
|
| 655 |
|
7 |
|a monografie
|2 SNKPH
|9 70139
|
| 655 |
|
7 |
|a Monographs
|2 SNKPHeng
|9 120675
|
| 830 |
|
0 |
|a Europica varietas
|9 268665
|
| 852 |
|
|
|a Štátna vedecká knižnica v Banskej Bystrici
|
| 919 |
|
|
|a 978-80-558-0860-4
|
| 958 |
|
|
|a NB
|
| 958 |
|
|
|a LX
|
| 999 |
|
|
|c 930587
|d 932517
|
| 952 |
|
|
|a SNK
|b SNK
|y PREZ
|7 0
|p 17A1180680
|o snkSC 168277
|i snk2016/4569
|8 0
|0 0
|1 0
|4 0
|d 2016-02-18
|f 1
|l 0
|r 2026-02-24 08:46:53
|w 2026-02-24
|
| 952 |
|
|
|a SNK
|b SNK
|y VYP
|7 0
|p 17A1180681
|o snkSC 168277 D1
|i snk2016/4570
|8 0
|0 0
|1 0
|4 0
|d 2016-02-18
|l 0
|r 2026-02-24 08:46:53
|w 2026-02-24
|